000 00844nam a2200253Ia 4500
003 OSt
005 20220923220751.0
006 a|||||r|||| 00| 0
007 ta
008 220922b |||||||| |||| 00| 0 hin d
024 _a190,202
037 _cTextual
040 _aARTS
_cARTS
_bhin
041 _2hin
_ahin
082 _aO152,2NMI,SA, L0
100 _aमिश्र, लक्ष्मीनारायण
245 0 _aसंन्यासी
246 _aSannyāsī
260 _aवाराणसी
_b हिन्दी पुस्तकालय प्रकाशन
_c1970
300 _a183पृ.
_ccm.
650 _aहिन्दी साहित्य
_9156264
942 _hO152,2NMI,SA, L0
_cTEXL
_2CC
999 _c342984
_d342984